Los Esfuerzos de Sísifo : Conversaciones sobre las Ciencias Sociales en América Latina /
Salvato in:
| Autore principale: | |
|---|---|
| Natura: | Sconosciuto |
| Lingua: | Spanish |
| Pubblicazione: |
Heredia, Costa Rica :
EUNA,
2000.
|
| Soggetti: | |
| Tags: |
Aggiungi Tag
Nessun Tag, puoi essere il primo ad aggiungerne!!
|
MARC
| LEADER | 000000000a22000000004500 | ||
|---|---|---|---|
| 001 | 003221 | ||
| 008 | 171124b xxu||||| |||| 00| 0 spa d | ||
| 020 | |a 9977651906 | ||
| 041 | 0 | |a spa | |
| 082 | 0 | 4 | |a 300.98 |b C146e |
| 100 | 1 | |a Calderón, Fernando | |
| 245 | 1 | 4 | |a Los Esfuerzos de Sísifo : |b Conversaciones sobre las Ciencias Sociales en América Latina / |c Fernando Calderón. |
| 260 | 1 | |a Heredia, Costa Rica : |b EUNA, |c 2000. | |
| 300 | |a 384 páginas | ||
| 650 | 4 | |a CIENCIAS SOCIALES | |
| 650 | 4 | |a AMERICA LATINA | |
| 650 | 4 | |a ENTREVISTAS | |
| 650 | 4 | |a DEMOCRACIA | |
| 942 | |c BK |2 ddc | ||
| 999 | |c 9502 |d 9502 | ||



